000
00247nam a2200085Ia 4500
245
0
_a
State of the nation : South Africa 2008
100
_a
Kagwanja, Mwangi Cape Town, 2009
_9
20420
942
_c
BK
008
210817s9999 xx 000 0 und d
999
_c
268767
_d
268766